000 00629nam a2200205Ia 4500
003 GCL
008 140319s9999 xx 000 0 ara d
040 _aGCL /
_cGCL
082 0 4 _a891.7
_bك ح
100 1 _aكولشاى , الكسندرا
245 1 0 _aحب عاملة النحل /
_cكولشاى , الكسندرا
700 1 _aمؤنس الرزاز
300 _a237
490 _aذاكرة الشعوب
_v0
650 0 4 _aالادب الروسى
650 0 4 _aالقصص الروسية المترجمة
650 0 4 _aالقصص الروسية
650 0 4 _aالادب الروسى المترجم
942 _2ddc
_cBK
999 _c43817
_d43817